| 000 | 00000nam 2200000zi 4500 |
| 001 | 9.893154 |
| 003 | CaOODSP |
| 005 | 20250107144055 |
| 006 | m o d f |
| 007 | cr cn||||||||| |
| 008 | 201103e202104##oncad obs f000 0 eng d |
| 020 | |a9780660365299 |
| 040 | |aCaOODSP|beng|erda|cCaOODSP |
| 043 | |an-cn--- |
| 086 | 1 |aCS412-00002/2021-1E-PDF |
| 245 | 02|aA snapshot : |bstatus First Nations people in Canada. |
| 264 | 1|a[Ottawa] : |bStatistics Canada = Statistique Canada, |cApril 2021. |
| 300 | |a1 online resource (9 unnumbered pages) : |billustrations, graphs |
| 336 | |atext|btxt|2rdacontent |
| 337 | |acomputer|bc|2rdamedia |
| 338 | |aonline resource|bcr|2rdacarrier |
| 500 | |aCover title. |
| 500 | |aIssued also in HTML format. |
| 500 | |a"Booklet prepared in collaboration between Statistics Canada and the Assembly of First Nations." |
| 500 | |aIssued also in French under title: Un aperçu : membres inscrits des Premières Nations au Canada. |
| 504 | |aIncludes bibliographical references. |
| 520 | |a"This is a custom report produced by Statistics Canada in collaboration with the Assembly of First Nations. It includes a variety of social and economic statistics regarding Status First Nations people living on and off reserve and includes comparisons with the non-Indigenous population"--Introduction, page [3]. |
| 650 | 0|aIndigenous peoples|zCanada|xEconomic conditions|vStatistics. |
| 650 | 0|aIndigenous peoples|zCanada|xSocial conditions|vStatistics. |
| 655 | 7|aStatistics|2lcgft |
| 710 | 2 |aStatistics Canada, |eissuing body. |
| 710 | 2 |aAssembly of First Nations, |eissuing body. |
| 775 | 08|tUn aperçu : |w(CaOODSP)9.893156 |
| 856 | 40|qPDF|s2.18 MB|uhttps://publications.gc.ca/collections/collection_2021/statcan/412000022021001-eng.pdf |
| 856 | 4 |qHTML|sN/A|uhttps://www150.statcan.gc.ca/n1/pub/41-20-0002/412000022021001-eng.htm |
| 986 | |a41200002-2021001 |